Aspectos económicos del federalismo argentino /

Guardado en:
Autor Principal: Burgin, Miron
Formato: Libro
Publicado: Buenos Aires : Solar/hachette, 1960
Materias:
Etiquetas: Agregar Etiqueta
Sin Etiquetas, Sea el primero en etiquetar este registro!
LEADER 01165nam a22002055a 4500
001 CEM.cems001279
005 20060214000000.0
008 130507s1960##################000#0#####d
003 CEMS
082 0 4 |a 338.982 
100 1 |a Burgin, Miron 
245 1 0 |a Aspectos económicos del federalismo argentino / 
260 |a Buenos Aires :  |b Solar/hachette,  |c 1960 
300 |a 392 p. 
505 0 |a POLITICA: Argentina y Brasil; El marxismo en la Universidad; El liberalismo en el orden politico, juridico y económico; Definiciones y decisiones para una solucion política; La reorganizacion nacional a traves del orden juridico; ECONOMIA: Argentina y el GATT; Seguridad nacional y desarrollo económico; Política fiscal para la estabilidad monetaria; Ludwig von Mises. El mercado intervenido; Atacar la inflacion en sus causas, no en sus efectos; Hacia la unidad y universalidad del presupuesto; El plan económico de 1976. Su ejecucion y resultados 
653 |a Economia argentina-historia 
653 |a Economia argentina-periodo ros 
653 |a Economia-buenos aires(prov.) 
653 |a Historia argentina 
859 |a CEMS  |b BIB. CEMS - 11 de abril  |h 338.982  |i B914  |p 3410.75  |t Ej.1